000 00789nam a2200229Ii 4500
003 JO-AjNU
008 230605s9999||||xx |||||||||||||| ||und||
017 _a2011/19373
020 _a977-15-0659-5
040 _aJO-AjNU
_bara
_erda
_cJO-AjNU
041 _aara
050 1 4 _aKRM4630.D43.2012
100 3 _aعبيد، رؤوف,
_eauthor
_934365
245 0 0 _aحق الدفاع أمام القضاء الجنائي
250 _aط1
264 3 1 _aالاسكندرية : مكتبة الوفاء القانونية، 2012
300 _a215ص
336 _atext
_btxt
_2rdacontent
337 _aunmediated
_bn
_2rdamedia
338 _avolume
_bnc
_2rdacarrier
650 4 _aالدفاع عن المتهم (إجراءات جنائية) -- قوانين وتشريعات -- مصر 
_934366
999 _aA14084
_c17652
_d17652